Запад и Восток: традиции и новации рациональности мышления

書誌詳細
第一著者: Мамонова М. А. Мария Анатольевна
要約:В этой чудесной работе автор, Мария Анатольевна Мамонова, осуществляет сравнительный анализ эволюции культурно-исторических типов рациональности мышления в западноевропейской и дальневосточной традициях, выявляет инварианты и специфические черты различных способов мышления и мировосприятия. Монография интересна как специалистам-востоковедам и философам, так и всем людям, увлекающимся Востоком.
言語:ロシア語
出版事項: Москва, Изд-во МГУ, 1991
主題:
フォーマット: MixedMaterials 図書
KOHA link:https://koha.lib.tpu.ru/cgi-bin/koha/opac-detail.pl?biblionumber=19709

MARC

LEADER 00000nam0a2200000 4500
001 19709
005 20231101205311.0
010 |a 5211014790 
035 |a (RuTPU)RU\TPU\book\19877 
035 |a BOOK00000031 
090 |a 19709 
100 |a 20011209d1991 km y0rusy50 ca 
101 0 |a rus 
102 |a RU 
105 |a y z 000zd 
200 1 |a Запад и Восток: традиции и новации рациональности мышления  |f М. А. Мамонова 
210 |a Москва  |c Изд-во МГУ  |d 1991 
215 |a 119 с. 
330 |a В этой чудесной работе автор, Мария Анатольевна Мамонова, осуществляет сравнительный анализ эволюции культурно-исторических типов рациональности мышления в западноевропейской и дальневосточной традициях, выявляет инварианты и специфические черты различных способов мышления и мировосприятия. Монография интересна как специалистам-востоковедам и философам, так и всем людям, увлекающимся Востоком. 
600 1 |a Вебер  |g Макс  |b М.  |c немецкий социолог  |c историк  |c экономист  |c юрист  |f 1864-1920  |2 stltpui  |3 (RuTPU)RU\TPU\pers\73 
600 1 |a Ницше  |g Фридрих  |f 1844-1900  |c немецкий философ  |b Ф.  |2 stltpui  |3 (RuTPU)RU\TPU\pers\341 
606 1 |a Рационализм  |x Философия  |2 stltpush  |3 (RuTPU)RU\TPU\subj\24028  |9 48485 
610 1 |a философия 
610 1 |a история 
610 1 |a рациональное мышление 
610 1 |a Запад 
610 1 |a Восток 
610 1 |a мышление 
686 |a Ю220  |v LBC/SL-A  |2 rubbk 
686 |a Ю3(0)6-63/68  |v LBC/SL-A  |2 rubbk 
700 1 |a Мамонова  |b М. А.  |g Мария Анатольевна 
801 0 |a RU  |b 63413507  |c 20011209  |g PSBO 
801 2 |a RU  |b 63413507  |c 20140723  |g PSBO 
942 |c BK